Current problems and trends in library and information services (Record no. 1287)

MARC details
000 -LEADER
fixed length control field 00623nam a2200217Ia 4500
020 ## - INTERNATIONAL STANDARD BOOK NUMBER
ISBN 81-85131-06-6
082 ## - DEWEY DECIMAL CLASSIFICATION NUMBER
Classification number 025.5 CUR;
245 #0 - TITLE STATEMENT
Title Current problems and trends in library and information services
260 ## - PUBLICATION, DISTRIBUTION, ETC. (IMPRINT)
Place of publication Varanasi
Name of publisher Indian Bibliographic Centre
Year of publication 1990
300 ## - PHYSICAL DESCRIPTION
Number of Pages 370p.
650 ## - SUBJECT ADDED ENTRY--TOPICAL TERM
Topical Term Library legislation
650 ## - SUBJECT ADDED ENTRY--TOPICAL TERM
Topical Term Library information networks
650 ## - SUBJECT ADDED ENTRY--TOPICAL TERM
Topical Term Library science
650 ## - SUBJECT ADDED ENTRY--TOPICAL TERM
Topical Term Library use studies
650 ## - SUBJECT ADDED ENTRY--TOPICAL TERM
Topical Term Library education
650 ## - SUBJECT ADDED ENTRY--TOPICAL TERM
Topical Term LIBRIS (Information retrieval system)
650 ## - SUBJECT ADDED ENTRY--TOPICAL TERM
Topical Term Information services
700 ## - ADDED ENTRY--PERSONAL NAME
Personal name Khan, H.A.
700 ## - ADDED ENTRY--PERSONAL NAME
Personal name Ijari, S.R.
942 ## - ADDED ENTRY ELEMENTS (KOHA)
Koha item type Books
Holdings
Withdrawn status Lost status Damaged status Not for loan Home library Current library Date acquired Bill Date Full call number Accession Number Price effective from Koha item type
        NASSDOC Library NASSDOC Library 08/06/2004 2008-12-30 025.5 CUR; 30405 18/04/2019 Books